Entry Nombre personal
001 - NÚMERO DE CONTROL
- campo de control: 149638
003 - IDENTIFICADOR DE NÚMERO DE CONTROL
- campo de control: OSt
005 - FECHA Y HORA DE LA ÚLTIMA TRANSACCIÓN
- campo de control: 20251120170955.0
008 - ELEMENTOS DE DATO DE LONGITUD-FIJA
- campo de control de longitud fija: 120322 b azzaaaaaa a aaa d
040 ## - FUENTE DE CATALOGACIÓN
- Centro catalogador/agencia de origen: OSt
- Centro/agencia transcriptor: OSt
100 1# - ENCABEZAMIENTO-NOMBRE DE PERSONA
- Nombre de persona: Murga, José María de,
- Fechas asociadas al nombre: 1827-1876
400 1# - TRAZADO DE VÉASE--NOMBRE DE PERSONA
- Nombre de persona: El Bagdády, Mohamed, Hach (
- Fechas asociadas al nombre: 1827-1876)
400 1# - TRAZADO DE VÉASE--NOMBRE DE PERSONA
- Nombre de persona: El Moro Vizcaíno (
- Fechas asociadas al nombre: 1827-1876)
400 1# - TRAZADO DE VÉASE--NOMBRE DE PERSONA
- Nombre de persona: Moro Vizcaíno (
- Fechas asociadas al nombre: 1827-1876)
400 1# - TRAZADO DE VÉASE--NOMBRE DE PERSONA
- Nombre de persona: Murga, José María (
- Fechas asociadas al nombre: 1827-1876)
400 1# - TRAZADO DE VÉASE--NOMBRE DE PERSONA
- Nombre de persona: Murga y Mugártegui, José María de (
- Fechas asociadas al nombre: 1827-1876)
